Argentinos del S. XX (#2) - Estadísticas

Estadísticas generales
  • Esta prueba ha sido intentada 58 veces
  • La puntuación promedio es 12 de 28
Estadísticas de respuestas
Imagen Respuesta % Correcto
Gustavo Cerati
98%
Charly Garcia
96%
Raul Alfonsín
93%
Cesar Luis Menotti
84%
Carlos Monzón
82%
Gabriela Sabatini
80%
Jorge Porcel
78%
Julio Cortazar
78%
Julio Grondona
73%
"Ringo" Bonavena
67%
Hipolito Yrigoyen
56%
Ernesto Sabato
42%
Horacio Guarany
40%
Alfonsina Storni
38%
Astor Piazzolla
33%
Anibal Troilo
31%
Doña Petrona
27%
Norma Aleandro
27%
Alejandra Pizarnik
20%
Victoria Ocampo
16%
Bernardo Neustadt
13%
Nini Marshall
13%
Quino
13%
José María Gatica
11%
Osvaldo Pugliese
11%
César Pelli
9%
Benito Quinquela Martín
7%
Nelly Omar
0%
No se encontraron pruebas coincidentes
Distribución de puntuación
Porcentaje de gente con cada puntuación
Porcentaje por número respondido
Historial de tus puntuaciones
No has intentado esta prueba.